000 00948ngm a22003490a 4500
001 PT13515
003 AR-LpoUNG
005 20210202000309.0
007 vd cvaizq
008 191001s1997||||ag |||||||||||||||||spa d
037 _c$5
040 _aAR-LpoUNG
_bspa
_cAR-LpoUNG
_eaacr
041 _aspa
044 _aag
082 0 _a982.063 697
100 1 _aBauer, Tristán
_edir.
245 1 0 _aEvita :
_bla tumba sin paz
260 _aBuenos Aires :
_bPágina 12 - South Productions,
_c1997.
300 _aVHS (52 min.) : son., col.
505 0 _aGuión: Miguel Bonasso ; narración: Inda Ledesma ; producción: Ana de Skalon ; música: Federico Bonasso.
650 4 _aARGENTINA
650 4 _aASPECTOS POLITICOS
650 4 _aBIOGRAFIAS
650 4 _aCONFLICTOS
650 4 _aDELITOS
650 4 _aTERRORISMO
650 4 _aVIOLENCIA
653 _aCINE ARGENTINO
653 _aVIDEOS
905 _a13515
942 _cVIDEO
999 _c54543
_d54543